Pays les moins trouvé par continent dur Jetpunk - Statistiques

Statistiques générales
  • Ce quiz a été pris 192 fois
  • Le résultat moyen est 21 sur 30
Statistiques - réponses
% Réponse % Correct
40% Suriname
86%
40% Guyana
84%
34% Liechtenstein
84%
68% Uruguay
83%
64% Paraguay
80%
38% Kosovo
79%
30% Saint-Marin
77%
18% Saint-Vincent-et-les- Grenadines
77%
69% Bolivie
76%
17% Saint-Christophe- et-Niévès
76%
21% Sainte-Lucie
76%
18% Îles Marshall
73%
16% Kiribati
73%
15% Nauru
73%
15% Palaos
72%
18% Antigua-et-Barbuda
71%
17% Sao Tomé-et-Principe
71%
18% Grenade
70%
41% Monténégro
70%
17% Timor oriental
69%
20% Brunei
68%
17% Salomon
68%
25% Eswatini
66%
40% Moldavie
66%
24% Comores
64%
21% Bahreïn
63%
25% Malawi
55%
25% Kirghizistan
51%
25% Maldives
51%
25% Gambie
46%
Aucun quiz correspondant
Distribution des résultats
% des personnes avec chaque résultat
Percentile par nombre de réponses
Votre historique - résultats
Vous n’avez pas pris ce quiz